000 008850000a22002170004500
020 _a1-56063-317-4
041 0 _aSPA
082 0 4 _aG 155.26 L7769e
100 1 _aLittauer, Florence (1928-)
245 1 0 _aEnriquezca su personalidad : Cómo entender a los demás por entenderte a ti mismo / Florence Littauer ; Rosemary J. de Muñoz, Traductora
260 _aMiami, FL., USA : Unilit
300 _a211 Pag.
500 _aTítulo original : Personality plus
505 0 0 _ael perfil de la personalidad -- nuestro potencial personal -- plan de personalidad -- los principios de la personalidad -- el poder de la personalidad
650 1 4 _aPERSONALIDAD \ TEMPERAMENTO \ EXITO - ASPECTOS RELIGIOSOS - CRISTIANISMO \ VIDA CRISTIANA
001 672
942 _cBK
999 _c32153
_d32153
336 _atexto
_btxt
_2rdacontent
337 _2rdamedia
_asin mediación
_bn
338 _2rdacarrier
_avolumen
_bnc